000
00316nam a2200109Ia 4500
008
160523s9999 xx 000 0 und d
245
_a
Collection of Job Interview Questions and the Answers
245
_c
John Louie
260
_c
2012
650
_x
Psychology.
856
_u
http://www.smashwords.com/books/view/181119
999
_c
294795
_d
294795